| 000 -LEADER |
| fixed length control field |
00581cam a2200193 a 4500 |
| 003 - CONTROL NUMBER IDENTIFIER |
| control field |
OSt |
| 005 - DATE AND TIME OF LATEST TRANSACTION |
| control field |
20200312134044.0 |
| 008 - FIXED-LENGTH DATA ELEMENTS--GENERAL INFORMATION |
| fixed length control field |
111219s2011 sp a 000 0 spa |
| 020 ## - INTERNATIONAL STANDARD BOOK NUMBER |
| International Standard Book Number |
9788415223191 |
| 082 ## - DEWEY DECIMAL CLASSIFICATION NUMBER |
| Classification number |
720.47 |
| Item number |
GAR |
| 100 1# - MAIN ENTRY--PERSONAL NAME |
| Personal name |
Garrido, Luis de. |
| 245 10 - TITLE STATEMENT |
| Title |
Artificial nature architecture / |
| Statement of responsibility, etc |
Luis de Garrido. |
| 260 ## - PUBLICATION, DISTRIBUTION, ETC. (IMPRINT) |
| Place of publication, distribution, etc |
Barcelona : |
| Name of publisher, distributor, etc |
Monsa, |
| Date of publication, distribution, etc |
c2011. |
| 300 ## - PHYSICAL DESCRIPTION |
| Extent |
95 p. : |
| Other physical details |
col. ill. ; |
| Dimensions |
21 cm. |
| 546 ## - LANGUAGE NOTE |
| Language note |
Text in Spanish and English. |
| 650 #0 - SUBJECT ADDED ENTRY--TOPICAL TERM |
| Topical term or geographic name as entry element |
Sustainable buildings |
| General subdivision |
Design and construction. |
| 650 #0 - SUBJECT ADDED ENTRY--TOPICAL TERM |
| Topical term or geographic name as entry element |
Architecture |
| General subdivision |
Environmental aspects. |
| 942 ## - ADDED ENTRY ELEMENTS (KOHA) |
| Source of classification or shelving scheme |
|